[Event "African Games Rapid Open 2019"]
[Site "Casablanca"]
[Date "2019.08.27"]
[Round "7.20"]
[White "Espirito Santo, Waldyr"]
[Black "Naipal, Hoolan"]
[Result "1-0"]
[WhiteElo "1923"]
[BlackElo "1785"]
[Annotator "NA"]
[PlyCount "57"]
[EventDate "2019.08.26"]
[EventType "team-tourn"]
[EventCountry "MAR"]
[SourceTitle "playchess.com"]
[Source "ChessBase"]
[SourceQuality "1"]
[TimeControl "900+10"]

1. e4 {[%emt 0:00:00]} e5 {[%emt 0:00:00]} 2. d4 {[%emt 0:00:02]} exd4 {[%emt 0:00:01]} 3. c3 {[%emt 0:00:03]} d5 {[%emt 0:00:09]} 4. exd5 {[%emt 0:00:26]} Qxd5 {[%emt 0:00:08]} 5. cxd4 {[%emt 0:00:31]} Nc6 {[%emt 0:00:16]} 6. Nf3 {[%emt 0:00:02]} Bg4 {[%emt 0:00:22]} 7. Be2 {[%emt 0:00:07]} O-O-O {[%emt 0:00:56]} 8. Nc3 {[%emt 0:00:08]} Bb4 {[%emt 0:01:18]} 9. O-O {[%emt 0:00:08]} Qh5 {[%emt 0:00:54]} 10. Bf4 {[%emt 0:01:26]} Bd6 {[%emt 0:01:31]} 11. Qd2 {[%emt 0:02:20]} Nf6 {[%emt 0:01:24]} 12. Rfe1 {[%emt 0:01:08]} Rhe8 {[%emt 0:03:07]} 13. h3 {[%emt 0:03:29]} Bxf4 {[%emt 0:00:30]} 14. Qxf4 {[%emt 0:00:14]} Qf5 {[%emt 0:00:02]} 15. Qxf5+ {[%emt 0:03:15]} Bxf5 {[%emt 0:00:02]} 16. Rad1 {[%emt 0:00:19]} Nd5 {[%emt 0:05:32]} 17. Bc4 {[%emt 0:00:58]} Rxe1+ {[%emt 0:00:26]} 18. Rxe1 {[%emt 0:00:09]} Be6 {[%emt 0:00:35]} 19. a3 {[%emt 0:00:16]} h6 {[%emt 0:00:35]} 20. Kh2 {[%emt 0:01:31]} a6 {[%emt 0:00:05]} 21. Kg1 {[%emt 0:00:16]} b5 {[%emt 0:00:25]} 22. Ba2 {[%emt 0:00:08]} Kb7 {[%emt 0:00:04]} 23. Ne4 {[%emt 0:00:48]} Nf4 {[%emt 0:00:17]} 24. Nc5+ {[%emt 0:00:18]} Kb6 {[%emt 0:00:03]} 25. Nxe6 {[%emt 0:00:20]} Nxe6 {[%emt 0:00:08]} 26. Bxe6 {[%emt 0:00:09]} Nxd4 {[%emt 0:00:05]} 27. Nxd4 {[%emt 0:00:09]} Rxd4 {[%emt 0:00:02]} 28. Bxf7 {[%emt 0:00:12]} Rd2 {[%emt 0:00:01]} 29. b4 {[%emt 0:00:23]} 1-0

[Event "African Games Rapid Open 2019"]
[Site "Casablanca"]
[Date "2019.08.27"]
[Round "7.21"]
[White "Winston Gerald, Mansfield Thomas"]
[Black "Asante Debesai Zerabruk"]
[Result "0-1"]
[WhiteElo "1872"]
[BlackElo "1712"]
[Annotator "NA"]
[PlyCount "148"]
[EventDate "2019.08.26"]
[EventType "team-tourn"]
[EventCountry "MAR"]
[SourceTitle "playchess.com"]
[Source "ChessBase"]
[SourceQuality "1"]
[TimeControl "900+10"]

1. e4 {[%emt 0:00:56]} d6 {[%emt 0:00:00]} 2. d4 {[%emt 0:00:04]} Nf6 {[%emt 0:00:00]} 3. Bd3 {[%emt 0:00:02]} Nbd7 {[%emt 0:00:00]} 4. Nf3 {[%emt 0:00:04]} e5 {[%emt 0:00:04]} 5. c3 {[%emt 0:00:03]} c6 {[%emt 0:00:06]} 6. O-O {[%emt 0:00:04]} Be7 {[%emt 0:00:04]} 7. Re1 {[%emt 0:00:02]} Qc7 {[%emt 0:00:02]} 8. h3 {[%emt 0:00:05]} h6 {[%emt 0:00:06]} 9. Nbd2 {[%emt 0:00:05]} Nf8 {[%emt 0:00:15]} 10. Nf1 {[%emt 0:00:07]} g5 {[%emt 0:00:12]} 11. N3h2 {[%emt 0:00:40]} Ng6 {[%emt 0:00:05]} 12. Bd2 {[%emt 0:00:48]} Nf4 {[%emt 0:00:12]} 13. Bxf4 {[%emt 0:00:15]} gxf4 {[%emt 0:00:03]} 14. Kh1 {[%emt 0:00:20]} Rg8 {[%emt 0:00:11]} 15. Nd2 {[%emt 0:00:09]} Nh7 {[%emt 0:01:57]} 16. Ndf3 {[%emt 0:00:29]} Bd7 {[%emt 0:00:39]} 17. Bf1 {[%emt 0:00:06]} O-O-O {[%emt 0:01:00]} 18. a4 {[%emt 0:00:08]} Ng5 {[%emt 0:00:03]} 19. a5 {[%emt 0:00:07]} f5 {[%emt 0:00:34]} 20. Nd2 {[%emt 0:01:09]} fxe4 {[%emt 0:00:11]} 21. Nxe4 {[%emt 0:00:02]} Nxe4 {[%emt 0:00:26]} 22. Rxe4 {[%emt 0:00:02]} Bf5 {[%emt 0:00:01]} 23. Re1 {[%emt 0:00:11]} Bh4 {[%emt 0:00:21]} 24. Qd2 {[%emt 0:00:19]} Qg7 {[%emt 0:00:29]} 25. Nf3 {[%emt 0:01:56]} Bf6 {[%emt 0:00:16]} 26. a6 {[%emt 0:02:05]} b6 {[%emt 0:00:03]} 27. Ra4 {[%emt 0:00:57]} Qg6 {[%emt 0:01:52]} 28. Rc1 {[%emt 0:03:26]} e4 {[%emt 0:00:07]} 29. Qxf4 {[%emt 0:00:22]} exf3 {[%emt 0:00:07]} 30. Qxf3 {[%emt 0:00:02]} Be4 {[%emt 0:00:13]} 31. Qg3 {[%emt 0:00:28]} Qf5 {[%emt 0:00:44]} 32. Qh2 {[%emt 0:01:26]} Qxf2 {[%emt 0:00:27]} 33. Raa1 {[%emt 0:01:16]} Bg5 {[%emt 0:00:14]} 34. Re1 {[%emt 0:00:15]} Qxb2 {[%emt 0:01:40]} 35. Qg1 {[%emt 0:00:59]} Qxc3 {[%emt 0:01:33]} 36. Rad1 {[%emt 0:00:06]} Qxh3+ {[%emt 0:00:04]} 37. Qh2 {[%emt 0:00:03]} Qxh2+ {[%emt 0:00:25]} 38. Kxh2 {[%emt 0:00:01]} d5 {[%emt 0:00:14]} 39. Re2 {[%emt 0:00:26]} Bf4+ {[%emt 0:00:11]} 40. Kg1 {[%emt 0:00:02]} Bf3 {[%emt 0:00:05]} 41. Kf2 {[%emt 0:00:20]} Bxe2 {[%emt 0:00:02]} 42. Bxe2 {[%emt 0:00:02]} Bg3+ {[%emt 0:00:06]} 43. Ke3 {[%emt 0:00:08]} Rde8+ {[%emt 0:00:03]} 44. Kd3 {[%emt 0:00:05]} Bf4 {[%emt 0:00:19]} 45. Bf3 {[%emt 0:00:08]} Re3+ {[%emt 0:00:02]} 46. Kc2 {[%emt 0:00:02]} Rxg2+ {[%emt 0:00:07]} 47. Bxg2 {[%emt 0:00:02]} Re2+ {[%emt 0:00:00]} 48. Kd3 Rxg2 {[%emt 0:00:08]} 49. Re1 {[%emt 0:00:15]} Kd7 {[%emt 0:00:09]} 50. Rf1 {[%emt 0:00:09]} Bd6 {[%emt 0:00:22]} 51. Rf7+ {[%emt 0:00:13]} Be7 {[%emt 0:00:01]} 52. Rh7 {[%emt 0:00:03]} Rg3+ {[%emt 0:00:08]} 53. Kc2 {[%emt 0:00:02]} Ra3 {[%emt 0:00:13]} 54. Rxh6 {[%emt 0:00:04]} Rxa6 {[%emt 0:00:01]} 55. Rh7 {[%emt 0:00:06]} Ra3 {[%emt 0:00:09]} 56. Rh8 {[%emt 0:00:07]} a5 {[%emt 0:00:07]} 57. Rb8 {[%emt 0:00:02]} Kc7 {[%emt 0:00:01]} 58. Ra8 {[%emt 0:00:06]} Kb7 {[%emt 0:00:22]} 59. Rg8 {[%emt 0:00:05]} Ka6 {[%emt 0:00:03]} 60. Re8 {[%emt 0:00:10]} Bb4 {[%emt 0:00:14]} 61. Re6 {[%emt 0:00:14]} Kb5 {[%emt 0:00:02]} 62. Rg6 {[%emt 0:00:10]} Rc3+ {[%emt 0:00:03]} 63. Kb2 {[%emt 0:00:03]} Rd3 {[%emt 0:00:07]} 64. Rg4 {[%emt 0:00:22]} Bc3+ {[%emt 0:00:25]} 65. Kc2 {[%emt 0:00:03]} Rxd4 {[%emt 0:00:01]} 66. Rg3 {[%emt 0:00:04]} Bb4 {[%emt 0:00:04]} 67. Rg6 {[%emt 0:00:07]} a4 {[%emt 0:00:03]} 68. Rg8 {[%emt 0:00:04]} a3 {[%emt 0:00:02]} 69. Kb3 {[%emt 0:00:13]} Rd2 {[%emt 0:00:16]} 70. Rg2 {[%emt 0:00:24]} Rb2+ {[%emt 0:00:20]} 71. Rxb2 {[%emt 0:00:02]} axb2 {[%emt 0:00:02]} 72. Kxb2 Bf8 73. Kb3 {[%emt 0:00:05]} d4 {[%emt 0:00:01]} 74. Kc2 {[%emt 0:00:02]} Kc4 {[%emt 0:00:01]} 0-1

[Event "African Games Rapid Open 2019"]
[Site "Casablanca"]
[Date "2019.08.27"]
[Round "8.1"]
[White "Mwale, Joseph"]
[Black "Adly, Ahmed"]
[Result "0-1"]
[WhiteElo "2231"]
[BlackElo "2636"]
[Annotator "TA"]
[PlyCount "94"]
[EventDate "2019.08.26"]
[EventType "team-tourn"]
[EventCountry "MAR"]
[SourceTitle "playchess.com"]
[Source "ChessBase"]
[SourceQuality "1"]

{[%evp 9,94,41,77,98,115,125,122,90,102,89,89,95,81,72,80,72,81,66,87,79,89,90,114,66,58,58,95,95,86,85,95,68,64,61,72,53,75,20,18,11,44,20,21,11,10,14,22,26,55,18,32,0,0,-7,42,-113,-113,-152,0,0,0,-48,-54,-151,-75,-145,-153,-317,-300,-577,-575,-608,-595,-610,-610,-610,-589,-609,-592,-568,-548,-518,-339,-597,-621,-685,-672]} 1. Nf3 c5 2. g3 d5 3. Bg2 Nc6 4. d4 Bg4 5. Ne5 Nxe5 6. dxe5 {D02: 1 d4 d5 2 Nf3 sidelines, including 2...Nf6 3 g3 and 2...Nf6 3 Bf4} e6 {[#]} 7. c4 $1 {[%mdl 512]} Qa5+ (7... dxc4 8. Qa4+) (7... d4 8. Bxb7 Rb8 9. Qa4+ Ke7 10. Bg2 Qb6 11. Nd2 f6 12. f4 Nh6 {1-0 (35) Danin,A (2554)-Rahls,P (2156) Berlin 2017}) 8. Bd2 {White is better.} Qa6 $146 ({Predecessor:} 8... Qc7 9. Nc3 d4 10. Qa4+ Qd7 11. Nb5 Ke7 12. Qa3 Ke8 {1-0 (42) Johannsen,D (2099)-Kraft,G (1848) Hamburg 2005}) 9. cxd5 exd5 10. Bxd5 Ne7 11. Be4 Nc6 12. Nc3 Nxe5 13. Qb3 O-O-O 14. Bf4 f6 15. O-O Bd6 16. Rac1 Kb8 17. Rfd1 c4 18. Qb5 Qxb5 19. Nxb5 Be7 20. f3 Be6 21. Kg2 Bc5 22. Nc3 Bd4 23. e3 ({White should try} 23. Rd2 $16) 23... Bxc3 $11 24. bxc3 b6 25. Bxe5+ fxe5 26. f4 Bg4 27. Bf3 Bf5 28. e4 Be6 29. fxe5 Rd3 30. Rxd3 cxd3 $14 {[%mdl 4096] Endgame KRB-KRB} 31. Rd1 Rd8 32. a3 $2 (32. Rd2 $1 $14 {stays ahead.}) 32... d2 $17 {[%mdl 1024] Black has strong compensation.} 33. Rb1 Ba2 $2 (33... Rd3 $17 34. Be2 Rxc3) 34. Rb2 Bc4 35. Bd1 (35. Rb4 $5 {[%cal Rb4c4]} b5 36. e6 $11) 35... Kc7 36. Kf3 {[#]} (36. a4 $15) 36... b5 (36... Rd3+ $142 $1 37. Kf4 Kc6) 37. Kf4 {[#]} (37. Kf2 $142) 37... Rd3 $1 38. h4 $2 (38. Rb1 $17) 38... a5 $19 {[%cal Ba7a5,Ba5a4][%mdl 32]} 39. g4 $2 (39. e6 a4 40. e5) 39... a4 40. h5 Bb3 41. Be2 d1=Q 42. Bxd1 Rxd1 {KRB-KR} (42... Bxd1 $2 43. Rxb5 Rf3+ 44. Kg5 $19) 43. h6 gxh6 44. Rh2 Rf1+ 45. Ke3 Re1+ 46. Kf4 $2 (46. Kd4) 46... Bf7 47. e6 Bg6 {Accuracy: White = 37%, Black = 63%.} 0-1

[Event "African Games Rapid Open 2019"]
[Site "Casablanca"]
[Date "2019.08.27"]
[Round "8.2"]
[White "Amin, Bassem"]
[Black "Hamdouchi, Hicham"]
[Result "1/2-1/2"]
[WhiteElo "2692"]
[BlackElo "2562"]
[Annotator "TA"]
[PlyCount "92"]
[EventDate "2019.08.26"]
[EventType "team-tourn"]
[EventCountry "MAR"]
[SourceTitle "playchess.com"]
[Source "ChessBase"]
[SourceQuality "1"]

{[%evp 10,92,28,35,55,33,43,27,45,37,80,53,60,50,63,33,39,28,35,-36,33,33,68,62,65,61,71,15,20,18,27,20,0,0,0,0,0,0,0,0,123,124,113,112,217,165,164,156,143,39,100,0,0,0,0,0,0,0,0,0,0,0,50,50,50,0,0,0,0,0,0,0,0,0,0,0,0,0,0,0,0,0,0,0,0]} 1. Nf3 d6 2. e4 g6 3. d4 Bg7 4. Bd3 Nf6 5. O-O O-O 6. Re1 Nc6 {B07: Pirc Defence: Miscellaneous Systems} 7. d5 Nb8 {[%cal Bc6b8,Bb8a6,Ba6c5][%mdl 32]} 8. c4 a5 $146 {White has an edge.} ({Predecessor:} 8... c6 9. Nc3 Nbd7 10. h3 Nc5 11. Bc2 Nfd7 12. Bf4 a5 13. Qd2 Re8 14. Rad1 {0-1 (37) Nisipeanu,L (2674)-Iordachescu,V (2597) Bucharest 2018}) 9. Nc3 e5 10. c5 Na6 11. cxd6 cxd6 12. h3 Nc5 13. Be3 b6 14. Qe2 (14. Bc2 $14) 14... Nh5 (14... Nxd3 $15 15. Qxd3 Ba6) 15. Bb5 $14 Nf4 16. Bxf4 $1 exf4 17. e5 Bf5 18. Qd2 (18. Rad1 $16) 18... dxe5 $11 19. Nxe5 Ne4 $1 {[%cal Re4d2]} 20. Nxe4 Bxe5 21. Rad1 Bxe4 $1 22. Rxe4 Bd6 23. Rxf4 Bxf4 24. Qxf4 Rc8 (24... Kg7 $1 $11 {keeps the balance.}) 25. d6 $16 {[%mdl 1024] White has strong compensation.} Rc5 26. a4 Qb8 (26... Qg5 $16 27. Qxg5 Rxg5) 27. Qf6 Qd8 28. Qd4 Qg5 {[#]} 29. d7 (29. f4 $1 $16 {[%cal Rf4g5]} Qh4 30. d7) 29... Rd8 (29... Rc1 $14) 30. Re1 ({White should try} 30. f4 $16 Qh4 31. b3) 30... Rc1 $11 31. Rxc1 Qxc1+ {[%mdl 4096] Endgame KQR-KQB} 32. Kh2 Qc5 33. Qe4 Kg7 34. Qe8 Qg5 35. g3 {Strongly threatening h4.} h5 36. h4 Qf6 37. Kg1 {[#] And now Bc4 would win.} g5 $1 {The position is equal.} 38. hxg5 Qxg5 39. Bc4 Qc1+ 40. Bf1 Qg5 41. Bc4 $36 {[%mdl 2048] White is more active.} Qc1+ 42. Kh2 Rxe8 43. dxe8=Q Qxc4 44. Qe5+ Kg6 45. Qd6+ f6 46. Qxb6 Qxa4 {Accuracy: White = 40%, Black = 44%.} 1/2-1/2

[Event "African Games Rapid Open 2019"]
[Site "Casablanca"]
[Date "2019.08.27"]
[Round "8.3"]
[White "Bellahcene, Bilel"]
[Black "Wanyama, Harold"]
[Result "1/2-1/2"]
[WhiteElo "2550"]
[BlackElo "2293"]
[Annotator "ChessBase"]
[PlyCount "109"]
[EventDate "2019.08.26"]
[EventType "team-tourn"]
[EventCountry "MAR"]
[SourceTitle "playchess.com"]
[Source "ChessBase"]
[SourceQuality "1"]
[TimeControl "900+10"]

1. e4 {[%emt 0:05:09]} c5 {[%emt 0:00:06]} 2. Nf3 {[%emt 0:00:01]} e6 {[%emt 0:00:01]} 3. d4 {[%emt 0:00:01]} cxd4 {[%emt 0:00:01]} 4. Nxd4 {[%emt 0:00:00]} a6 {[%emt 0:00:00]} 5. c4 {[%emt 0:00:02]} Qc7 {[%emt 0:00:02]} 6. Nc3 {[%emt 0:00:02]} Nf6 {[%emt 0:00:00]} 7. Be2 {[%emt 0:00:12]} Bb4 {[%emt 0:00:05]} 8. O-O {[%emt 0:00:08]} O-O {[%emt 0:00:02]} 9. Bg5 {[%emt 0:00:04]} Bxc3 {[%emt 0:00:13]} 10. Bxf6 {[%emt 0:00:02]} gxf6 {[%emt 0:00:13]} 11. bxc3 {[%emt 0:00:03]} d6 {[%emt 0:00:00]} 12. Qd2 {[%emt 0:00:19]} Qe7 {[%emt 0:00:12]} 13. Rad1 {[%emt 0:00:05]} Rd8 {[%emt 0:00:09]} 14. Qh6 {[%emt 0:00:04]} Kh8 {[%emt 0:01:00]} 15. Rd3 {[%emt 0:00:48]} Rg8 {[%emt 0:00:03]} 16. Rh3 {[%emt 0:00:10]} Rg7 {[%emt 0:00:01]} 17. f4 {[%emt 0:00:04]} e5 {[%emt 0:01:30]} 18. f5 {[%emt 0:01:49]} exd4 {[%emt 0:02:12]} 19. Rf4 {[%emt 0:00:01]} Nd7 {[%emt 0:00:53]} 20. cxd4 {[%emt 0:02:21]} Nf8 {[%emt 0:00:14]} 21. Rg3 {[%emt 0:00:20]} Ng6 {[%emt 0:03:35]} 22. fxg6 {[%emt 0:00:33]} fxg6 {[%emt 0:00:01]} 23. h4 {[%emt 0:00:13]} f5 {[%emt 0:00:58]} 24. Bf3 {[%emt 0:00:01]} Be6 {[%emt 0:00:31]} 25. h5 {[%emt 0:00:41]} fxe4 {[%emt 0:02:07]} 26. Rxe4 {[%emt 0:00:09]} Qf6 {[%emt 0:00:16]} 27. hxg6 {[%emt 0:00:33]} Bxc4 {[%emt 0:00:21]} 28. Rf4 {[%emt 0:01:57]} Qe7 {[%emt 0:00:34]} 29. d5 {[%emt 0:00:13]} Bd3 {[%emt 0:00:25]} 30. Rf7 {[%emt 0:00:25]} Qe1+ {[%emt 0:00:46]} 31. Kh2 {[%emt 0:00:03]} Qxg3+ 32. Kxg3 {[%emt 0:00:05]} Rxg6+ {[%emt 0:00:01]} 33. Qxg6 {[%emt 0:00:03]} Bxg6 {[%emt 0:00:01]} 34. Rd7 {[%emt 0:00:28]} Rc8 {[%emt 0:00:09]} 35. Rxd6 {[%emt 0:00:03]} Rc2 {[%emt 0:00:03]} 36. a4 {[%emt 0:00:19]} Rc4 {[%emt 0:00:11]} 37. a5 {[%emt 0:00:01]} Ra4 {[%emt 0:00:07]} 38. Re6 {[%emt 0:00:47]} Kg7 {[%emt 0:01:33]} 39. d6 {[%emt 0:00:00]} Rd4 {[%emt 0:00:12]} 40. Bxb7 {[%emt 0:01:12]} Bf7 {[%emt 0:00:13]} 41. Re5 {[%emt 0:01:29]} Rxd6 {[%emt 0:00:04]} 42. Kf4 {[%emt 0:00:01]} Kf6 {[%emt 0:00:13]} 43. Rf5+ {[%emt 0:00:02]} Ke7 {[%emt 0:00:17]} 44. Rc5 {[%emt 0:00:01]} Kf6 {[%emt 0:00:09]} 45. Rc6 {[%emt 0:00:26]} Rxc6 {[%emt 0:00:09]} 46. Bxc6 {[%emt 0:00:01]} Bc4 {[%emt 0:00:01]} 47. Ke4 {[%emt 0:00:29]} Kg5 {[%emt 0:00:08]} 48. Kd4 {[%emt 0:00:05]} Bf1 {[%emt 0:00:01]} 49. Kc5 {[%emt 0:00:12]} Kg4 {[%emt 0:00:02]} 50. Kb6 {[%emt 0:00:07]} Kg3 {[%emt 0:00:01]} 51. Bb7 {[%emt 0:00:32]} h5 {[%emt 0:00:07]} 52. Bxa6 {[%emt 0:00:02]} Bxg2 {[%emt 0:00:36]} 53. Bc8 h4 {[%emt 0:00:06]} 54. a6 {[%emt 0:00:42]} h3 {[%emt 0:00:10]} 55. Bxh3 {[%emt 0:00:03]} 1/2-1/2

[Event "African Games Rapid Open 2019"]
[Site "Casablanca"]
[Date "2019.08.27"]
[Round "8.4"]
[White "Boudriga, Mohamed Ali"]
[Black "Kayonde, Andrew"]
[Result "0-1"]
[WhiteElo "2325"]
[BlackElo "2384"]
[Annotator "NA"]
[PlyCount "84"]
[EventDate "2019.08.26"]
[EventType "team-tourn"]
[EventCountry "MAR"]
[SourceTitle "playchess.com"]
[Source "ChessBase"]
[SourceQuality "1"]
[TimeControl "900+10"]

1. e4 c6 {[%emt 0:00:00]} 2. d4 {[%emt 0:00:00]} d5 {[%emt 0:00:00]} 3. e5 {[%emt 0:00:08]} c5 {[%emt 0:00:00]} 4. c3 {[%emt 0:00:11]} Nc6 {[%emt 0:00:00]} 5. Be2 {[%emt 0:00:40]} Bf5 {[%emt 0:00:17]} 6. Nf3 {[%emt 0:00:16]} e6 {[%emt 0:00:01]} 7. O-O {[%emt 0:00:06]} Bg4 {[%emt 0:00:49]} 8. Nbd2 {[%emt 0:01:10]} cxd4 {[%emt 0:00:04]} 9. cxd4 {[%emt 0:00:16]} Nge7 {[%emt 0:00:02]} 10. h3 {[%emt 0:00:03]} Bh5 {[%emt 0:00:08]} 11. a3 {[%emt 0:02:59]} a5 {[%emt 0:00:28]} 12. Qa4 {[%emt 0:01:08]} Nc8 {[%emt 0:00:08]} 13. Bb5 {[%emt 0:00:15]} N8a7 {[%emt 0:00:01]} 14. Bd3 {[%emt 0:01:19]} Be7 {[%emt 0:00:12]} 15. g4 {[%emt 0:00:42]} Bg6 {[%emt 0:00:02]} 16. Bxg6 {[%emt 0:00:03]} hxg6 {[%emt 0:00:00]} 17. Qc2 {[%emt 0:00:09]} Rxh3 {[%emt 0:00:12]} 18. Kg2 {[%emt 0:00:01]} Rh8 {[%emt 0:00:01]} 19. Qd3 {[%emt 0:00:08]} Qb6 {[%emt 0:00:07]} 20. Nb1 {[%emt 0:00:23]} Qb5 {[%emt 0:01:55]} 21. Qd1 {[%emt 0:00:21]} Nc8 {[%emt 0:01:01]} 22. Nc3 {[%emt 0:00:03]} Qa6 {[%emt 0:00:08]} 23. Rh1 {[%emt 0:01:52]} Rxh1 {[%emt 0:00:33]} 24. Qxh1 {[%emt 0:00:02]} Nb6 {[%emt 0:00:03]} 25. Qh8+ {[%emt 0:00:05]} Bf8 {[%emt 0:00:01]} 26. Bg5 {[%emt 0:01:43]} a4 {[%emt 0:00:19]} 27. Rh1 {[%emt 0:00:51]} Nd7 {[%emt 0:00:40]} 28. Rh7 {[%emt 0:00:11]} Qd3 {[%emt 0:00:40]} 29. Be3 {[%emt 0:01:16]} O-O-O {[%emt 0:00:16]} 30. Qg8 {[%emt 0:00:04]} Bxa3 {[%emt 0:00:56]} 31. Qxf7 {[%emt 0:00:02]} Bxb2 {[%emt 0:00:01]} 32. Nxa4 {[%emt 0:00:28]} Bxd4 {[%emt 0:00:01]} 33. Qxe6 {[%emt 0:00:29]} Bxe3 {[%emt 0:00:08]} 34. fxe3 {[%emt 0:00:03]} Qc2+ {[%emt 0:00:16]} 35. Kg3 {[%emt 0:00:06]} Qxa4 {[%emt 0:00:01]} 36. Rxg7 {[%emt 0:00:10]} Qe4 {[%emt 0:00:07]} 37. Rf7 {[%emt 0:00:21]} Ncxe5 {[%emt 0:00:41]} 38. Rf4 {[%emt 0:01:48]} Qxe3 {[%emt 0:00:03]} 39. Qxd5 {[%emt 0:01:18]} g5 {[%emt 0:00:16]} 40. Rf5 {[%emt 0:00:14]} Nxf3 {[%emt 0:00:24]} 41. Qc4+ {[%emt 0:00:14]} Kb8 {[%emt 0:00:05]} 42. Rxf3 {[%emt 0:00:04]} Qxf3+ {[%emt 0:00:02]} 0-1

[Event "African Games Rapid Open 2019"]
[Site "Casablanca"]
[Date "2019.08.27"]
[Round "8.5"]
[White "Silva, David"]
[Black "Arab, Adlane"]
[Result "1-0"]
[WhiteElo "2239"]
[BlackElo "2485"]
[Annotator "ChessBase"]
[PlyCount "79"]
[EventDate "2019.08.26"]
[EventType "team-tourn"]
[EventCountry "MAR"]
[SourceTitle "playchess.com"]
[Source "ChessBase"]
[SourceQuality "1"]
[TimeControl "900+10"]

1. e4 {[%emt 0:00:00]} c5 {[%emt 0:00:00]} 2. Nf3 {[%emt 0:00:00]} Nc6 {[%emt 0:00:00]} 3. Nc3 {[%emt 0:00:00]} e6 {[%emt 0:00:03]} 4. d4 {[%emt 0:00:00]} cxd4 {[%emt 0:00:05]} 5. Nxd4 {[%emt 0:00:00]} Qc7 {[%emt 0:00:07]} 6. g3 {[%emt 0:00:22]} Nf6 {[%emt 0:00:16]} 7. Be3 {[%emt 0:00:07]} d6 {[%emt 0:00:06]} 8. Bg2 {[%emt 0:00:02]} a6 {[%emt 0:00:06]} 9. O-O {[%emt 0:00:05]} Be7 {[%emt 0:00:01]} 10. h3 {[%emt 0:00:30]} O-O {[%emt 0:00:03]} 11. Na4 {[%emt 0:00:06]} Bd7 {[%emt 0:00:48]} 12. c4 {[%emt 0:00:52]} Ne5 {[%emt 0:02:09]} 13. Rc1 {[%emt 0:00:17]} Qa5 {[%emt 0:00:02]} 14. b3 {[%emt 0:00:14]} Bxa4 {[%emt 0:00:12]} 15. bxa4 {[%emt 0:00:02]} Ned7 {[%emt 0:00:22]} 16. Rb1 {[%emt 0:00:28]} Rab8 {[%emt 0:00:14]} 17. g4 {[%emt 0:01:01]} Nc5 {[%emt 0:00:28]} 18. Nb3 {[%emt 0:00:02]} Nxb3 {[%emt 0:00:31]} 19. axb3 {[%emt 0:00:16]} b5 {[%emt 0:00:04]} 20. axb5 {[%emt 0:00:14]} axb5 {[%emt 0:00:00]} 21. Ra1 {[%emt 0:00:02]} Qd8 {[%emt 0:00:38]} 22. Ba7 {[%emt 0:00:03]} bxc4 {[%emt 0:00:47]} 23. Bxb8 {[%emt 0:00:03]} Qxb8 {[%emt 0:00:01]} 24. bxc4 {[%emt 0:00:02]} Nd7 {[%emt 0:00:01]} 25. Qa4 {[%emt 0:00:08]} Nc5 {[%emt 0:00:10]} 26. Qa7 {[%emt 0:00:09]} Qd8 {[%emt 0:00:22]} 27. Rfd1 {[%emt 0:00:10]} Bf6 {[%emt 0:00:02]} 28. Ra5 {[%emt 0:00:08]} Qc8 {[%emt 0:01:23]} 29. Rxd6 {[%emt 0:00:31]} Nb3 {[%emt 0:00:02]} 30. Ra4 {[%emt 0:00:13]} Be5 {[%emt 0:00:19]} 31. Rd1 {[%emt 0:00:40]} h5 {[%emt 0:00:04]} 32. Qb6 {[%emt 0:00:13]} Nc5 {[%emt 0:00:32]} 33. Ra5 {[%emt 0:00:17]} Nd7 {[%emt 0:00:38]} 34. Qb5 {[%emt 0:00:11]} Bc7 {[%emt 0:03:04]} 35. Ra7 {[%emt 0:00:03]} Nc5 {[%emt 0:00:21]} 36. e5 {[%emt 0:00:55]} Bxe5 {[%emt 0:00:29]} 37. Qc6 {[%emt 0:00:27]} hxg4 {[%emt 0:00:10]} 38. hxg4 {[%emt 0:00:07]} Qxc6 {[%emt 0:00:48]} 39. Bxc6 {[%emt 0:00:03]} g5 {[%emt 0:00:02]} 40. Ra5 {[%emt 0:00:08]} 1-0